ბათუმის შოთა რუსთაველის სახელმწიფო უნივერსიტეტის ბიბლიოთეკა

ფსიაქიატრიის სამკურნალო ცნობარი / (ბიბ.ჩანაწერი № 62941)

000 -ლიდერი
ფიქსირებული სიგრძის საკონტროლო ველი 01161nam a22002177a 4500
003 - საკონტროლო ნომრის იდენტიფიკატორი
საკონტროლო ველი Ge_BSU
005 - ბოლო ოპერაციის თარიღი და დრო
საკონტროლო ველი 20250327100911.0
008 - ფიქსირებული სიგრძის მონაცემთა ელემენტები - ზოგადი ინფორმაცია
ფიქსირებული სიგრძის საკონტროლო ველი 250327s1970 ge ||||| |||| 00| 0 geo d
041 ## - ენის კოდი
Language code of text/sound track or separate title geo
080 ## - უნივერსალური ათობითი კლასიფიკაციის ინდექსი
Universal Decimal Classification number 616.89(035) ბ-39
100 ## - მთავარი ჩანაწერი - პიროვნების სახელი
Personal name ბეგიაშვილი, გივი
9 (RLIN) 24688
245 ## - ცნობა სათაურის შესახებ
Title ფსიაქიატრიის სამკურნალო ცნობარი /
Statement of responsibility, etc გივი ბეგიაშვილი, ბ. ნანეიშვილი; [წინასიტყვ. ა. ზურაბაშვილისა].
264 ## - წარმოების, გამოცემის, დისტრიბუციის და სხვა ცნობები
გამოცემის, წარმოების, დისტრიბუციის... ადგილი თბ. :
გამოცემის, წარმოების, დისტრიბუციის... სახელწოდება საბჭ. საქართველო,
გამოცემის, წარმოების, დისტრიბუციის... თარიღი 1970.
300 ## - ფიზიკური აღწერა
Extent 174გვ. ;
Other physical details 17სმ.
653 ## - INDEX TERM--UNCONTROLLED
Uncontrolled term ფსიქიატრია
653 ## - INDEX TERM--UNCONTROLLED
Uncontrolled term მედიცინა
700 ## - ADDED ENTRY--PERSONAL NAME
Personal name ნანეიშვილი, ბიძინა
Relator term ავტორი
9 (RLIN) 24687
700 ## - ADDED ENTRY--PERSONAL NAME
Personal name ზურაბაშვილი, ავლიპ
Relator term წინასიტყვაობის ავტორი
9 (RLIN) 24689
856 ## - ELECTRONIC LOCATION AND ACCESS
Uniform Resource Identifier https://dspace.nplg.gov.ge/bitstream/1234/484226/1/fsiqiatris_Samkurnalo_Cnobari_1970.pdf
Link text ელ. ვერსია
942 ## - ADDED ENTRY ELEMENTS (KOHA)
Source of classification or shelving scheme
Koha item type წიგნი
ეგზემპლარები
ჩამოწერის სტატუსი დაკარგული ეგზემპლარის სტატუსი კლასიფიკაციის წყარო ან თაროზე გაწყობის სქემა დაზიანების სტატუსი არ გაიცემა მუდმივი მდებარეობა (დაცვის ადგილი) ამჟამინდელი ადგილსამყოფელი თაროზე განთავსების ადგილი შეძენის თარიღი ღირებულება, შესყიდვის ნორმალური ფასი სრული შენახვის შიფრი შტრიხკოდი ბოლო ოპერაციის თარიღი ეგზემპლარის მიმდევრობითი ნომერი (კეტერი?) Uniform Resource Identifier ფასის ძალაში შესვლის თარიღი ეგზემპლარის სახეობა საჯარო შენიშვნა
          ბათუმის შოთა რუსთაველის სახელმწიფო უნივერსიტეტის მთავარი ბიბლიოთეკა ბათუმის შოთა რუსთაველის სახელმწიფო უნივერსიტეტის მთავარი ბიბლიოთეკა წიგნსაცავი 2025-03-27 6.00 616.89(035) ბ-39 70937 2025-03-27 70937 ნაჩუქარი 2025-03-27 წიგნი 6 ლ.